| 000 | 00617nam a2200193 a 4500 | ||
|---|---|---|---|
| 001 | 000032721 | ||
| 005 | 20200930065808.0 | ||
| 008 | 100222s1936 dr 001 0 spa d | ||
| 040 |
_aDO-SdBNP _bspa _cBNPHU |
||
| 082 |
_axxxx _bR426l |
||
| 110 | 1 |
_aRepública Dominicana _9447 |
|
| 240 | 1 | 3 | _a[Leyes etc.] |
| 245 | 1 | 0 | _aLey de construcciones. |
| 250 | _aed. Oficial | ||
| 260 |
_aCiudad Trujillo, República Dominicana : _bImprenta "La Opinión", _c1936. |
||
| 300 |
_a28 p. ; _c23 cm. |
||
| 700 | 1 |
_aRepública Dominicana. _bSecretaría de Estado de Sanidad, Beneficencia y Obras Públicas _958576 |
|
| 049 | _aBNPD | ||
| 999 |
_c32212 _d32212 |
||